000
00267nam a22001097a 4500
040
_c
SK
082
_a
636
245
_a
les systemes delevage; ប្រព័ន្ធចិញ្ចឹមសត្វ
260
_a
RUA
_b
ឌុក
_c
1997
300
_a
32p.
942
_c
KB
999
_c
8928
_d
8928